Romanian colors - Statistics

General Stats
  • This quiz has been taken 36 times
  • The average score is 14 of 15
Answer Stats
Hint Answer % Correct
grey gri
100%
white alb
96%
beige bej
96%
burgundy burgundiu
96%
yellow galben
96%
black negru
96%
orange portocaliu
96%
turquoise turcouaz
96%
green verde
96%
brown maro
92%
navy blue bleumarin
88%
pink roz
88%
blue albastru
84%
red roşu
84%
purple mov
76%
No matching quizzes found
Score Distribution
Percent of People with Each Score
Percentile by Number Answered
Your Score History
You have not taken this quiz